Twenty letters to a friend

Gardado en:
Detalles Bibliográficos
Autor Principal: Alliluyeva, Svetlana
Formato: Libro
Idioma:Undetermined
Publicado: London Penguin Books 1967
Những chủ đề:
Các nhãn: Engadir etiqueta
Sen Etiquetas, Sexa o primeiro en etiquetar este rexistro!
Thư viện lưu trữ: Trung tâm Học liệu Trường Đại học Cần Thơ
LEADER 00564nam a2200193Ia 4500
001 CTU_85028
008 210402s9999 xx 000 0 und d
082 |a 947.084 
082 |b A436 
100 |a Alliluyeva, Svetlana 
245 0 |a Twenty letters to a friend 
245 0 |c Svetlana Alliluyeva ; Translated: Priscilla Johnson McMillan 
260 |a London 
260 |b Penguin Books 
260 |c 1967 
650 |a Children of heads of state 
650 |z Soviet Union 
904 |i Nguyên, QHieu 
980 |a Trung tâm Học liệu Trường Đại học Cần Thơ